The art of public speaking /

Gespeichert in:
Bibliographische Detailangaben
1. Verfasser: Lucas, Stephen (Verfasst von)
Format: Buch
Sprache:Englisch
Veröffentlicht: New York : McGraw-Hill, 1989
Ausgabe:3.vyd.
Tags: Tag hinzufügen
Keine Tags, Fügen Sie das erste Tag hinzu!

MARC

LEADER 00000nam a22000003a 4500
001 stu27293
005 20150617225740.4
008 940119s1989----xxu-----------------eng-d
020 |a 0-07-555134-9 
040 |a STU  |b slo 
041 0 |a eng 
044 |a xxu 
080 |a 801 
100 1 |a Lucas, Stephen  |4 aut 
245 1 |a The art of public speaking /  |c [aut]Lucas,Stephen 
250 |a 3.vyd. 
260 |a New York :  |b McGraw-Hill,  |c 1989 
300 |a 17,414 s 
996 |b 284V027626  |c V*41982/O-17901  |l VVT  |s A  |a 24  |w stu27293_0001